Разработка и исследование конструкций и технологии изготовления коллекторов и контактных колец из углеродных материалов для электрических машин; Анализ результатов испытаний, выработка рекомендаций по результатам работы коллекторно-щеточного узла из углеродных материалов: отчет о НИР (заключительный); Тема : х/д № 7-92/78 доп. согл.№ 2

Dades bibliogràfiques
Autor corporatiu: Томский политехнический институт (ТПИ) (595)
Altres autors: Бекишев Р. Ф. Рудольф Фридрихович (руководитель), Качин С. И. Сергей Ильич (исполнитель)
Idioma:rus
Publicat: Томск, 1984
TOC:Тема : х/д № 7-92/78 доп. согл.№ 2;
Matèries:
Format: MixedMaterials Llibre
KOHA link:https://koha.lib.tpu.ru/cgi-bin/koha/opac-detail.pl?biblionumber=156260

MARC

LEADER 00000n m0a2200000 4500
001 156260
005 20231031153004.0
029 0 0 |a SU  |b 79009762  |f ТПУ 
035 |a (RuTPU)RU\TPU\book\169498 
035 |a RU\TPU\book\169493 
090 |a 156260 
100 |a 20090325d1984 k y0rusy50 ca 
101 0 |a rus 
102 |a RU 
105 |a a p 001zy 
200 1 |a Разработка и исследование конструкций и технологии изготовления коллекторов и контактных колец из углеродных материалов для электрических машин  |a Анализ результатов испытаний, выработка рекомендаций по результатам работы коллекторно-щеточного узла из углеродных материалов  |e отчет о НИР (заключительный)  |f Томский политехнический институт (ТПИ) ; рук. Р. Ф. Бекишев ; исполн. С. И. Качин 
210 |a Томск  |d 1984 
215 |a 61 л. 
320 |a Библиогр.: с. 32-33. 
464 |t Тема : х/д № 7-92/78 доп. согл.№ 2 
610 1 |a отчеты о НИР 
610 1 |a углеграфитовые коллекторы 
610 1 |a электрические машины 
610 1 |a коммутационные напряжения 
610 1 |a исследование 
610 1 |a изнашивание 
610 1 |a интенсивность 
610 1 |a трение 
610 1 |a износ 
610 1 |a труды учёных ТПУ 
675 |a 621.313.2(04)  |v 3 
702 1 |a Бекишев  |b Р. Ф.  |c специалист в области электротехники  |c профессор Томского политехнического университета, доктор технических наук  |f 1940-2010  |g Рудольф Фридрихович  |2 stltpush  |3 (RuTPU)RU\TPU\pers\19768  |4 673 
702 1 |a Качин  |b С. И.  |c специалист в области электротехники  |c профессор Томского политехнического университета, доктор технических наук  |f 1954-  |g Сергей Ильич  |2 stltpush  |3 (RuTPU)RU\TPU\pers\26829  |4 677 
712 0 2 |a Томский политехнический институт (ТПИ)  |c (1944-1991)  |2 stltpush  |3 (RuTPU)RU\TPU\col\1123  |4 595 
801 1 |a RU  |b 63413507  |c 20090325  |g PSBO 
801 2 |a RU  |b 63413507  |c 20140219  |g PSBO 
942 |c BK